Kłoczowski Jerzy, Młoda Europa, Warszawa 1998, 550 s., 13 máp, 11 tab., 52 il. obr.

Podrobná bibliografia
Hlavný autor: Majerčík, Peter (Autor)
Médium: Článok
Jazyk:slovenčina
ISBN:8088880432
Predmet:

MARC

LEADER 00000nab a2200000 a 4500
001 vtls000851758
003 SK-MaSNL
005 20260426024710.0
008 160401c2000 xo 0 slo
015 |a SNBRA2003/11-31471 
035 |a CLN000203413 
040 |a SNKBUCL  |b slo  |c SNKBUCL  |e AACR2 
041 0 |a slo 
044 |a xo  |c SK 
080 |a 94(4-11)(048)  |2 1997 
100 1 |a Majerčík, Peter  |4 aut  |9 869411 
245 1 0 |a Kłoczowski Jerzy, Młoda Europa, Warszawa 1998, 550 s., 13 máp, 11 tab., 52 il. obr.  |c Peter Majerčík 
650 0 7 |a štáty  |z Európa východná  |x formovanie  |x dejiny  |x monografie  |x recenzie  |2 snkbucl  |9 869412 
650 0 7 |a spoločenstvá  |z Európa východná  |x formovanie  |x dejiny  |x monografie  |x recenzie  |2 snkbucl  |9 869413 
651 7 |a Európa východná  |2 snkbucl  |9 167635 
655 7 |a články zo zborníkov  |2 snkbucl  |9 166140 
773 0 |z 8088880432  |t Studia archaeologica slovaca mediaevalia II/1999  |d Bratislava : Academic Electronic Press, 2000  |g S. 208-209 
787 0 8 |i Rec.:  |a Kłoczowski, Jerzy  |t Młoda Europa  |d Warszawa, 1998 
850 |a Slovenská národná knižnica v Martine 
852 |a SNK  |b KIS3GCP 
958 |a RC 
958 |a PL 
999 |c 1389169  |d 1391099